{"text_format":"3","workbook":"xlsx","n_sheets":1,"sheets":["Phase-2"],"not_rendered":{"defined_names":2},"read":"whole","date_system":"1900"}

{"sheet":"Phase-2","index":0,"n_rows":67,"n_cols":12,"rows_kept":67,"merged":[[1,2,1,10],[2,8,2,11],[4,10,57,11],[57,1,57,7],[59,1,59,11],[61,10,64,11],[64,1,64,7],[65,1,65,11]]}
[]
[null,null," TKM - Plant-3-Phase-2"]
[]
[null,"SL NO","DESCRIPTION","PRODUCT MAKE","PART NO","Estimated Lead Time (Days)","UOM","QUANTITY","UNIT PRICE","TOTAL","GST","Total Amount with  GST"]
[null,1,"Cisco Secure Firewall4200 Threat Defense Chss,Subs HA Bundle","Cisco","FPR4200-FTD-HA-BUN","N/A","Nos",2,0,{"$f":"H5*I5","v":0},"Extra @ Actuals"]
[null,2,"Cisco Secure Firewall 4215 NGFW Appliance, 1U, 2xNetMod Bays","Cisco","FPR4215-NGFW-K9",38,"Nos",4,{"v":5082847,"d":"5,082,847"},{"$f":"H6*I6","v":{"v":20331388,"d":"20,331,388"}}]
[null,3,"India AC Power Cord for Cisco NCS4200 and ASR 900","Cisco","PWR-CAB-AC-IND",63,"Nos",8,0,0]
[null,4,"Threat Defense software v7.4 for 4200 Series appliances","Cisco","SF-F42H-TD7.4-K9",21,"Nos",4,0,0]
[null,5,"1000BASE-T SFP transceiver module for Category 5 copper wire","Cisco","GLC-TE",17,"Nos",4,{"v":16564,"d":"16,564"},{"v":66256,"d":"66,256"}]
[null,6,"10GBASE-SR SFP Module","Cisco","SFP-10G-SR",17,"Nos",8,{"v":36625,"d":"36,625"},{"v":293000,"d":"293,000"}]
[null,7,"Cisco Secure Firewall 4200 Series 1.8TB SSD","Cisco","FPR4200-SSD1800",21,"Nos",8,0,0]
[null,8,"Cisco Secure Firewall 4200 Slide Rail Kit","Cisco","FPR4200-SLD-RAILS",21,"Nos",4,0,0]
[null,9,"Console Cable 6ft with RJ45 and DB9F","Cisco","CAB-CONS-RJ45-DB9",21,"Nos",4,0,0]
[null,10,"Cisco Secure Firewall 4215 Base License","Cisco","FPR4215-BSE",21,"Nos",4,0,0]
[null,11,"Cisco Secure Firewall 4200 Series AC Power Supply","Cisco","FPR4200-PWR-AC",21,"Nos",4,0,0]
[null,12,"Cisco Secure Firewall 4200 Series Fan","Cisco","FPR4200-FAN",21,"Nos",12,0,0]
[null,13,"Cisco Secure Firewall 4200 Network Module Blank Slot Cover","Cisco","FPR4200-NM-BLANK",21,"Nos",8,0,0]
[null,14,"Cisco Secure Firewall 4200 Series AC Power Supply","Cisco","FPR4200-PWR-AC",21,"Nos",4,{"v":125091,"d":"125,091"},{"v":500364,"d":"500,364"}]
[null,15,"Cisco Secure Firewall 4215 TD, AMP & URL Filtering License","Cisco","L-FPR4215T-TMC=",7,"Nos",4,0,0]
[null,16,"Cisco Secure Firewall 4215 TD, AMP & URL Filtering 3Y Subs","Cisco","L-FPR4215T-TMC-3Y","N/A","Nos",4,0,0]
[null,17,"Cisco Catalyst Center Appliance (Gen 3) - 32 Core","Cisco","DN3-HW-APL",13,"Nos",1,{"v":4933481,"d":"4,933,481"},{"v":4933481,"d":"4,933,481"}]
[null,18,"Cisco Catalyst Center SW 2.3.7","Cisco","DNA-SW-2.3.7",21,"Nos",1,0,0]
[null,19,"Cisco Catalyst Center Appliance License- 32 Core","Cisco","DN3-HW-APL-LIC",21,"Nos",1,0,0]
[null,20,"Power Cord C19-C20 India","Cisco","CAB-C19-C20-IND",126,"Nos",2,0,0]
[null,21,"Intel 6326 2.9GHz/185W 16C/24MB DDR4 3200MHz","Cisco","DN3-CPU-I6326",35,"Nos",2,0,0]
[null,22,"32GB RDIMM DRx4 3200 (8Gb)","Cisco","DN3-MR-X32G2RW",178,"Nos",8,0,0]
[null,23,"1.9TB 2.5 inch Enterprise Value 12G SAS SSD","Cisco","DN3-SD19TKA1X-EV",35,"Nos",2,0,0]
[null,24,"Cisco 12G SAS RAID Controller w/4GB FBWC (16 Drv) w/1U Brkt","Cisco","DN3-RAID-220M6",35,"Nos",1,0,0]
[null,25,"Cisco UCS 2300W AC Power Supply for Rack Servers Titanium","Cisco","DN3-PSU1-2300W",35,"Nos",2,0,0]
[null,26,"GPU Riser Bracket assy kit C220 / C225 1U","Cisco","DN3-GPURKIT-C220",35,"Nos",1,0,0]
[null,27,"TPM 2.0, TCG, FIPS140-2, CC EAL4+ Certified, for M6 servers","Cisco","DN3-TPM-002C",35,"Nos",1,0,0]
[null,28,"960GB 2.5in 6G SATA Enter Value 1X Samsung G1PM893A SSD","Cisco","DN3-SDB960SA1V",35,"Nos",2,0,0]
[null,29,"1.9TB 2.5in 6G SATA Enter Value 1X Samsung G1PM893A SSD","Cisco","DN3-SDB1T9SA1V",35,"Nos",6,0,0]
[null,30,"Cisco-Intel E810XXVDA4L 4x25/10 GbE SFP28 PCIe NIC","Cisco","DN3-P-I8Q25GF",35,"Nos",1,0,0]
[null,31,"Cisco-Intel E810XXVDA2 2x25/10 GbE SFP28 PCIe NIC","Cisco","DN3-P-I8D25GF",35,"Nos",1,0,0]
[null,32,"10GBASE-SR SFP Module, Enterprise-Class","Cisco","SFP-10G-SR-S=",17,"Nos",40,{"v":32483,"d":"32,483"},{"v":1299320,"d":"1,299,320"}]
[null,33,"Catalyst 9300X  24x25G Fiber Ports, modular uplink Switch","Cisco","C9300X-24Y-A",14,"Nos",2,{"v":1081350,"d":"1,081,350"},{"v":2162700,"d":"2,162,700"}]
[null,34,"C9300 DNA Advantage, Term License","Cisco","C9300X-DNA-24Y-A",14,"Nos",2,0,0]
[null,35,"DNA Advantage 3 Year License","Cisco","C9300-DNA-L-A-3Y","N/A","Nos",2,0,0]
[null,36,"Cisco ThousandEyes Enterprise Agent IBN Embedded","Cisco","TE-EMBEDDED-T",14,"Nos",2,0,0]
[null,37,"ThousandEyes - Enterprise Agents","Cisco","TE-EMBEDDED-T-3Y","N/A","Nos",2,0,0]
[null,38,"Cisco DNA Spaces Extend Term License for Catalyst Switches","Cisco","D-DNAS-EXT-S-T",14,"Nos",2,0,0]
[null,39,"Cisco DNA Spaces Extend for Catalyst Switching - 3Year","Cisco","D-DNAS-EXT-S-3Y","N/A","Nos",2,0,0]
[null,40,"Cisco Catalyst 9300 XE 17.12 UNIVERSAL","Cisco","SC9300UK9-1712",14,"Nos",2,0,0]
[null,41,"715W AC 80+ platinum Config 1 Power Supply","Cisco","PWR-C1-715WAC-P",14,"Nos",2,0,0]
[null,42,"715W AC 80+ platinum Config 1 SecondaryPower Supply","Cisco","PWR-C1-715WAC-P/2",14,"Nos",2,{"v":46010,"d":"46,010"},{"v":92020,"d":"92,020"}]
[null,43,"India AC Type A Power Cable","Cisco","CAB-TA-IN",14,"Nos",4,0,0]
[null,44,"C9300 Network Advantage, 24-port license","Cisco","C9300X-NW-A-24",14,"Nos",2,0,0]
[null,45,"1M Type 1 Stacking Cable","Cisco","STACK-T1-1M",14,"Nos",2,{"v":7362,"d":"7,362"},{"v":14724,"d":"14,724"}]
[null,46,"Catalyst Stack Power Cable 150 CM - Upgrade","Cisco","CAB-SPWR-150CM",14,"Nos",2,{"v":3681,"d":"3,681"},{"v":7362,"d":"7,362"}]
[null,47,"No SSD Card Selected","Cisco","C9300-SSD-NONE",14,"Nos",2,0,0]
[null,48,"TE agent for IOSXE on C9K","Cisco","TE-C9K-SW",14,"Nos",2,0,0]
[null,49,"RUBBER FEET FOR TABLE TOP SETUP 9200 and 93xx","Cisco","C9K-ACC-RBFT",14,"Nos",2,0,0]
[null,50,"12-24 and 10-32 SCREWS FOR RACK INSTALLATION, QTY 4","Cisco","C9K-ACC-SCR-4",14,"Nos",2,0,0]
[null,51,"1RU CABLE MANAGEMENT GUIDES 9200 and 9300","Cisco","CAB-GUIDE-1RU",14,"Nos",2,0,0]
[null,52,"Network Plug-n-Play Connect for zero-touch device deployment","Cisco","NETWORK-PNP-LIC",3,"Nos",2,0,0]
[null,53,"Catalyst 9300 4 x 40G/100G Network Module QSFP+/QSFP28","Cisco","C9300X-NM-4C",14,"Nos",2,{"v":172000,"d":"172,000"},{"v":344000,"d":"344,000"}]
[{"$nulls":8},"SUB TOTAL 1",{"$f":"SUM(J5:J57)","v":{"v":30044615,"d":"30,044,615"}}]
[]
[null,"ANNEXURE 2.2_AMC CHARGES"]
[null,"SL NO","DESCRIPTION","PRODUCT MAKE","PART NO","Service Duration(Months)","UOM","QUANTITY","UNIT PRICE","TOTAL","GST","Total Amount with  GST"]
[null,1,"SNTC-24X7X4 Cisco Secure Firewall 4215 NGFW Applianc","Cisco","CON-SNTP-FPR421NG",36,"Months",4,0,{"$f":"I62*H62","v":0},"Extra @ Actuals"]
[null,2,"SNTC-8X5XNBD Cisco DNA Center Appliance (Gen 3) - 32","Cisco","CON-SNT-DN3HBAPL",36,"Months",1,0,{"$f":"I63*H63","v":0}]
[null,3,"SNTC-8X5XNBD Catalyst 9300X 24x25G Fiber Ports, modul","Cisco","CON-SNT-C9300XYA",36,"Months",2,0,{"$f":"I64*H64","v":0}]
[{"$nulls":8},"SUB TOTAL 2",{"$f":"SUM(J62:J64)","v":0}]
[]
[{"$nulls":8},"GRAND TOTAL (1 & 2)",{"$f":"ROUND(J58+J65,0)","v":{"v":30044615,"d":"30,044,615"}}]